000 00707nam a2200217Ia 4500
003 GCL
008 140319s9999 xx 000 0 ara d
040 _aGCL /
_cGCL
082 0 4 _a792.8
_bا ح
100 1 _aاحمد حسن جمعه
245 1 0 _aالحركة فى فن البالية /
_cاحمد حسن جمعه
260 _aالقاهرة :
_bالهيئة المصرية العامة للكتاب ،
_c1997
300 _a143 ص ؛
_c22 سم
490 _aالهيئة العامة للاستعلامات
_v0
650 0 4 _aالمسرح
650 0 4 _aالرقص
650 0 4 _aالبالية
650 0 4 _aالبالية الراقص
650 0 4 _aالتمثيل الصامت
942 _2ddc
_cBK
999 _c52130
_d52130